| 000 | 01127 a2200241 4500 | ||
|---|---|---|---|
| 003 | Nust | ||
| 005 | 20220802171527.0 | ||
| 010 | _a 2005042465 | ||
| 020 | _a0824759214 (alk. paper) | ||
| 040 | _cNust | ||
| 082 | 0 | 0 | _a621.36,BOR |
| 100 | 1 |
_aBorrelli, Nicholas F., _958872 |
|
| 245 | 1 | 0 |
_aMicrooptics technology / _cNicholas F. Borrelli. |
| 250 | _a2nd ed. | ||
| 260 |
_aNew York : _bMarcel Dekker, _cc2005. |
||
| 300 |
_aix, 526 p. : _bill. ; _c24 cm. |
||
| 490 | 1 | _aOptical engineering ; v. 93 | |
| 505 | _aIntroduction (Page-1), Refractive Elements (Page-11), Gradient Index (Page-69), Diffractive Element Lenses (Page-129), Erect One To One Imaging (Page-165), Two Dimensional Arrays (Page-203), Gratings (Page- 257), Optical Isolators (Page-317), Photonic Crystals (Page-365), Femtosecond-Laser Interaction In Glasses (Page- 439), Negative Refractive Index Materials (Page-489). | ||
| 650 | 0 | _aTelecommunication Engineering. | |
| 830 | 0 |
_aOptical engineering (Marcel Dekker, Inc.) ; _996335 |
|
| 856 | 4 | 2 |
_3Publisher description _uhttp://www.loc.gov/catdir/enhancements/fy0647/2005042465-d.html |
| 942 |
_cREF _2ddc |
||
| 999 |
_c176978 _d176978 |
||